Normal view
MARC view
Entry Personal Name
001 - CONTROL NUMBER
- control field: 66453
003 - CONTROL NUMBER IDENTIFIER
- control field: dpl
005 - DATE AND TIME OF LATEST TRANSACTION
- control field: 20240520125011.0
008 - FIXED-LENGTH DATA ELEMENTS
- fixed length control field: 240520|| aca||aabn | a|a d
040 ## - CATALOGING SOURCE
- Original cataloging agency: dpl
- Transcribing agency: dpl
100 ## - HEADING--PERSONAL NAME
- Personal name: Collins, Suzanne
670 ## - SOURCE DATA FOUND
- Source citation: Work cat.: (dpl)203011: Collins, Suzanne, The Ballad Of Songbirds and Snakes/, 2022
